MARC

LEADER 00000nam0a2200000 4500
001 72275
005 20231031083326.0
010 |a 5170188994 
035 |a (RuTPU)RU\TPU\book\77059 
090 |a 72275 
100 |a 20050117d2004 m y0rusy50 ca 
101 0 |a rus 
102 |a RU 
105 |a y z 000ay 
200 1 |a Все или ничего  |e роман  |f Т. А. Дубровина, Е. Н. Ласкарева 
210 |a Москва  |c Астрель  |d 2004 
215 |a 380 с. 
225 1 |a Русский романс 
610 1 |a русская литература 
610 1 |a романы 
610 1 |a любовные романы 
675 |a Р2  |v 3 
700 1 |a Дубровина  |b Т. А.  |g Татьяна Артемьевна 
701 1 |a Ласкарева  |b Е. Н.  |g Елена Николаевна 
801 1 |a RU  |b 63413507  |c 20050117  |g PSBO 
801 2 |a RU  |b 63413507  |c 20050323  |g PSBO 
942 |c BK